00241nam a2200085Ia 450000100070000000500170000700800410002424500560006526000340012188285120250826182707.0250824s9999 xx 000 0 und d 0aBAŞIMDA KAVAK YELLERİcMUHİDDİN YENİGÜN bUĞUR BÖCEĞİ YAYINLARI